| Tag |
First Indicator |
Second Indicator |
Subfields |
| LEADER |
00000cam a2200000 4500 |
| 001 |
in00000097342 |
| 005 |
20150925114744.0 |
| 008 |
690729s1969 caua b 00010 eng |
| 010 |
|
|
|a 75083765
|
| 020 |
|
|
|a 087593031X
|c 2.95 (pbk)
|
| 035 |
|
|
|a (OCoLC)00017456
|
| 035 |
|
|
|9 AAL2798AM
|
| 040 |
|
|
|a DLC
|c DLC
|d TXA
|d UtOrBLW
|
| 049 |
|
|
|a TXAM
|c [637317]
|
| 050 |
0 |
0 |
|a TL297
|b .N8 1969
|
| 082 |
0 |
|
|a 629.22/6
|
| 100 |
1 |
|
|a Nulsen, Robert Hovey.
|
| 245 |
1 |
0 |
|a How to buy trailers :
|b mobile homes, travel trailers, campers /
|c by Robert H. Nulsen.
|
| 250 |
|
|
|a [Rev.
|
| 264 |
|
1 |
|a Beverly Hills, Calif. :
|b Trail-R-Club of America,
|c 1969]
|
| 300 |
|
|
|a 118 pages :
|b illustrations ;
|c 21 cm.
|
| 336 |
|
|
|a text
|b txt
|2 rdacontent
|
| 337 |
|
|
|a unmediated
|b n
|2 rdamedia
|
| 338 |
|
|
|a volume
|b nc
|2 rdacarrier
|
| 500 |
|
|
|a "Book number 31."
|
| 504 |
|
|
|a Bibliography: pages 39-40.
|
| 650 |
|
0 |
|a Automobile trailers.
|
| 999 |
|
|
|a MARS
|
| 999 |
f |
f |
|s c5c9238a-e22b-3729-8eb3-e552e0587090
|i d047288d-9370-3f82-a360-ba0e68c4e014
|t 0
|
| 952 |
f |
f |
|p normal
|a Texas A&M University
|b College Station
|c Sterling C. Evans Library
|d Evans: Library Stacks
|t 0
|e TL297 .N8 1969
|h Library of Congress classification
|i unmediated -- volume
|m A14805528539
|
| 998 |
f |
f |
|a TL297 .N8 1969
|t 0
|l Evans: Library Stacks
|